Formas de países revelando formas de países #2 - Estadísticas

Estadísticas generales
  • Esta prueba ha sido intentada 6.359 veces
  • La puntuación promedio es 15 de 21
Respuestas en el mapa
Las respuestas están codificadas por una escala verde-roja en el mapa de la prueba según el % correcto abajo.
 
Estadísticas de respuestas
Respuesta % Correcto
Chile
98%
Italia
98%
España
97%
México
95%
Marruecos
93%
Islandia
91%
Turquía
88%
Vietnam
88%
Papua Nueva Guinea
81%
Ucrania
76%
Namibia
74%
República Democrática del Congo
71%
Angola
70%
Gambia
70%
Taiwán
61%
Suiza
58%
Gabón
51%
Siria
46%
Antigua y Barbuda
41%
Singapur
38%
Samoa
33%
No se encontraron pruebas coincidentes
Distribución de puntuación
Porcentaje de gente con cada puntuación
Porcentaje por número respondido
Historial de tus puntuaciones
No has intentado esta prueba.